Top 5 Countries that produce ... #4 - Statistics

General Stats
  • This quiz has been taken 151 times
  • The average score is 27 of 30
Answer Stats
Answer % Correct
China
99%
China
99%
China
99%
China
99%
China
99%
China
99%
India
99%
India
99%
India
99%
India
99%
India
99%
United States
99%
United States
99%
United States
99%
United States
99%
United States
99%
Brazil
97%
Brazil
97%
Brazil
97%
Indonesia
93%
Russia
93%
Vietnam
90%
Argentina
86%
Argentina
86%
France
80%
Ukraine
70%
Bangladesh
68%
Iran
62%
Myanmar
57%
Egypt
45%
No matching quizzes found
Score Distribution
Percent of People with Each Score
Percentile by Number Answered
Your Score History
You have not taken this quiz